000 00322nam a22001457a 4500
020 _a9780143104094
041 _aENG
100 _aChandra B
245 _aIndia Since Independence
260 _aNew Delhi
_bPenguin Books
_c2008
300 _a772
650 _aPUSC
700 _aMukherjee M
856 _uCompetitive Exam
999 _c203
_d203